| 000 | 00668cam a2200205 4500 | ||
|---|---|---|---|
| 001 | WB3731-10 | ||
| 008 | 010808n2001 000 0 eng u | ||
| 035 | _a(Sirsi) u114017 | ||
| 245 | _aRate cut | ||
| 260 | _c2001 | ||
| 490 |
_aRICS Press Release _v(pr106) 2 August 2001, |
||
| 520 | _aRICS says Interest rate cut of 0.25% to 5% will not result in greater house price inflation as the deteriorating world economic outlook will help keep inflation in check. | ||
| 590 | _aWB | ||
| 650 | _aINTEREST RATES | ||
| 650 | _aHOUSE PRICE INFLATION | ||
| 650 | _aPROPERTY-COMMERCIAL PROPERTY | ||
| 650 | _aGLOBAL ECONOMY | ||
| 690 | _aECONOMIC ISSUES | ||
| 942 | _n0 | ||
| 999 |
_c67954 _d67954 |
||